| 000 | 01656cam a22003015a 4500 | ||
|---|---|---|---|
| 001 | E149799 | ||
| 002 | 18451 | ||
| 008 | 100428s2010 xxk f 001 0 eng d | ||
| 020 | _a9781842195895 | ||
| 035 | _a(Sirsi) u149799 | ||
| 041 | 0 | _aeng | |
| 050 | 0 | 4 | _a333.332 $2 18 |
| 100 | 1 | _aCherry, Andrew | |
| 245 | 0 | 2 | _aA valuer's guide to the RICS Red Book 2010 |
| 250 | _a4th ed. | ||
| 260 |
_aCoventry _bRICS _c2010 |
||
| 300 |
_axi, 170p. _c21cm. |
||
| 350 | _a28.50 | ||
| 505 | 2 | _aIntroduction -- Qualifications and conflicts of interest -- Agreement of terms of enagagement with the client -- Valuation bases -- Inspections and material considerations -- Valuation reports -- Valuations for commercial secured lending -- Valuations subject to disclosure -- Registration and monitoring of valuations -- Specialist valuations -- Appendix: Red Book route map -- Index of frequently asked questions -- Index | |
| 520 | _aA practical guide which assists with understanding the requirements set out in the Red Book (RICS Valuation Standards). The guide has been updated to take account of the April 2010 amendments to the Red Book. Discusses the principal aims and standards, qualifications and conflicts of interest and terms of engagement with the client. Also provides commentary on rules for specific practice areas and an index of frequently asked valuation questions. | ||
| 520 | _aSupersedes 3rd ed. (ISBN 9781842194560). | ||
| 520 | _aSuperseded by fifth edition (ISBN 9781842195895). | ||
| 521 | _aAdvanced | ||
| 590 | _aKA NTK | ||
| 651 | 4 |
_aUnited Kingdom _y |
|
| 690 | _aPROPERTY-PROPERTY APPRAISAL AND VALUATION | ||
| 942 | _n0 | ||
| 999 |
_c110628 _d110628 |
||